KOHA-Header-6

Lex and Yacc (Record no. 9208)

000 -LEADER
fixed length control field 00248nam a2200109Ia 4500
100 ## - MAIN ENTRY--AUTHOR NAME
Personal name John R.Levine
245 #0 - TITLE STATEMENT
Title Lex and Yacc
260 ## - PUBLICATION, DISTRIBUTION, ETC. (IMPRINT)
Place of publication New York
Name of publisher O reilly
Year of publication 2005
300 ## - PHYSICAL DESCRIPTION
Number of Pages 298
942 ## - ADDED ENTRY ELEMENTS (KOHA)
Koha item type Books
Holdings
Withdrawn status Lost status Collection code Permanent Location Current Location Shelving location Date acquired Full call number Accession Number Koha item type
    Computer Science MAJU MAJU Shelf No.A19 2019-09-14 428.62 4664 Books

Powered by Koha